مكتبة جامعة عجلون الوطنية

فهرس بحث المكتبة

Fundamentals of artificial intelligence : (Record no. 33846)

MARC details
000 -LEADER
fixed length control field 01963cam a2200313 i 4500
001 - CONTROL NUMBER
control field 22849533
003 - CONTROL NUMBER IDENTIFIER
control field JO-AjAnu
005 - DATE AND TIME OF LATEST TRANSACTION
control field 20241110095749.0
008 - FIXED-LENGTH DATA ELEMENTS--GENERAL INFORMATION
fixed length control field 221102s2023 nyua b 001 0 eng
010 ## - LIBRARY OF CONGRESS CONTROL NUMBER
LC control number 2022052800
020 ## - INTERNATIONAL STANDARD BOOK NUMBER
International Standard Book Number 9781260467789
Qualifying information (hardcover)
040 ## - CATALOGING SOURCE
Original cataloging agency DLC
Language of cataloging eng
Description conventions rda
Transcribing agency DLC
Modifying agency DLC
-- JO-AjAnu
042 ## - AUTHENTICATION CODE
Authentication code pcc
050 00 - LIBRARY OF CONGRESS CALL NUMBER
Classification number Q335
Item number .K77 2023
082 00 - DEWEY DECIMAL CLASSIFICATION NUMBER
Classification number 006.3
Edition number 23/eng20230119
100 1# - MAIN ENTRY--PERSONAL NAME
Personal name Kubat, Miroslav,
Dates associated with a name 1958-
Relator term author.
245 10 - TITLE STATEMENT
Title Fundamentals of artificial intelligence :
Remainder of title problem solving and automated reasoning /
Statement of responsibility, etc. Miroslav Kubat.
264 #1 - PRODUCTION, PUBLICATION, DISTRIBUTION, MANUFACTURE, AND COPYRIGHT NOTICE
Place of production, publication, distribution, manufacture New York :
Name of producer, publisher, distributor, manufacturer McGraw Hill,
Date of production, publication, distribution, manufacture, or copyright notice [2023]
300 ## - PHYSICAL DESCRIPTION
Extent xxv, 294 pages :
Other physical details illustrations ;
Dimensions 25 cm
336 ## - CONTENT TYPE
Content type term text
Content type code txt
Source rdacontent
337 ## - MEDIA TYPE
Media type term unmediated
Media type code n
Source rdamedia
338 ## - CARRIER TYPE
Carrier type term volume
Carrier type code nc
Source rdacarrier
504 ## - BIBLIOGRAPHY, ETC. NOTE
Bibliography, etc. note Includes bibliographical references and index.
520 ## - SUMMARY, ETC.
Summary, etc. "This comprehensive textbook focuses on the core techniques employed by today's artificial intelligence, including problem-solving by search techniques and swarm intelligence, and further knowledge representation, logic, automated reasoning, and uncertainty processing. Some information about planning techniques and expert systems is also provided. Fundamentals of Artificial Intelligence: Problem Solving and Automated Reasoning is written in a concise format, with a view to optimizing learning. Each chapter contains a brief historical overview and a Practice Makes Perfect section to encourage independent thought. The book includes many visuals that illustrate the essential ideas. Also, many easy-to-follow examples show how to use these ideas in practical implementations"--
Assigning source Provided by publisher.
650 #0 - SUBJECT ADDED ENTRY--TOPICAL TERM
Topical term or geographic name entry element Artificial intelligence
Form subdivision Textbooks.
906 ## - LOCAL DATA ELEMENT F, LDF (RLIN)
a 7
b cbc
c orignew
d 1
e ecip
f 20
g y-gencatlg
942 ## - ADDED ENTRY ELEMENTS (KOHA)
Source of classification or shelving scheme Library of Congress Classification
Koha item type Books
Suppress in OPAC No
Holdings
Withdrawn status Lost status Source of classification or shelving scheme Damaged status Not for loan Home library Current library Date acquired Total Checkouts Full call number Barcode Date last seen Price effective from Koha item type
    Library of Congress Classification     مكتبة جامعة عجلون الوطنية مكتبة جامعة عجلون الوطنية 10/11/2024   Q335.K77 2023 e4010 10/11/2024 10/11/2024 Books
    Library of Congress Classification     مكتبة جامعة عجلون الوطنية مكتبة جامعة عجلون الوطنية 10/11/2024   Q335.K77 2023 e4009 10/11/2024 10/11/2024 Books